00990nam a2200253Ia 4500001001100000003000800011006001900019007001500038008004100053040002100094035002100115050002300136100003200159245005900191260004400250300001000294533015200304650004500456650004900501655002900550710001700579856012500596999001500721ebr5000504CaPaEBRm u cr cn|||||||||780601s2001 vau s 000 0 eng d aCaPaEBRcCaPaEBR a(OCoLC)68062904714aPR2206b.A3 2001eb1 aBacon, Francis,d1561-1626.14aThe essaysh[electronic resource] /cby Francis Bacon. aBlacksburg, VA :bVirginia Tech,c2001. a88 p. aElectronic reproduction.bPalo Alto, Calif. :cebrary,d2010.nAvailable via World Wide Web.nAccess may be limited to ebrary affiliated libraries. 0aEnglish essaysyEarly modern, 1500-1700. 0aEnglish literatureyEarly modern, 1500-1700. 7aElectronic books.2local2 aebrary, Inc.40uhttp://site.ebrary.com/lib/rucke/Doc?id=5000504zAn electronic book accessible through the World Wide Web; click to view c2850d2850